00375nam a2200109 4500245007300000100002100073260004200094300002100136020001500157650005500172650003800227 aBeyond culture : essays on literature and learningc Lionel Trilling aTrilling, Lionel aOxfordbOxford University Pressc1980 a[9], 204p.; 24cm a0192122150 a809.034-TRIb